Statistics for F1 Groups

Click here to take the quiz!

General Stats

  • This quiz has been taken 69 times
  • The average score is 21 of 26

Answer Stats

Answer% Correct
Lewis Hamilton
100%
Sebastian Vettel
100%
Fernando Alonso
97%
1995
95%
2000
95%
2001
95%
2002
95%
2003
95%
2004
95%
1994
94%
Mark Webber
92%
Keke Rosberg
89%
Nico Rosberg
89%
Kimi Raikkonen
87%
Damon Hill
85%
Jenson Button
82%
Alain Prost
81%
Nigel Mansell
76%
Jacques Villeneuve
74%
Nelson Piquet
74%
Pastor Maldonado
69%
Alan Jones
58%
Rubens Barrichello
44%
Johnny Herbert
40%
Jos Verstappen
26%
Jan Magnussen
24%

Score Distribution

Percentile by Number Answered

Percent of People with Each Score

Your Score History

You have not taken this quiz